Catalog

Record Details

Catalog Search



Available copies

  • 1 of 1 copy available at LARL/NWRL Consortium.
  • 1 of 1 copy available at Northwest Regional Library. (Show preferred library)

Current holds

0 current holds with 1 total copy.

Show Only Available Copies
Location Call Number / Copy Notes Barcode Shelving Location Status Due Date
Thief River Falls Public Library 796.332 BRU (Text) 35500006909467 Main Available -

Record details

  • ISBN: 9780979872976
  • ISBN: 0979872979
  • Physical Description: ix, 188 pages : illustrations ; 24 cm
  • Publisher: Stevens Point, WI : KCI Sports Pub., ©2009.
Subject: University of Minnesota > Football > History.
Minnesota Golden Gophers (Football team) > History.
Football players > Minnesota > Anecdotes.
Football players > Minnesota > Biography.
Football coaches > Minnesota > Anecdotes.
Football coaches > Minnesota > Biography.
Football
Football coaches
Football players
Minnesota
Genre: Anecdotes
Biographies
History
Biographies.
LDR 01943cam a2200481 a 4500
001477218
003LARL_NWRL_CONSORTIUM
00520260102204352.0
008091002s2009 wiua 000 0deng d
040 . ‡aDCB ‡beng ‡cDCB ‡dDCB ‡dWIH ‡dOCLCA ‡dOCLCF ‡dOCLCQ ‡dOCLCA ‡dOCL ‡dOCLCO ‡dOCLCQ ‡dOCLCO ‡dOCLCL
020 . ‡a9780979872976 ‡q(hc.)
020 . ‡a0979872979 ‡q(hc.)
035 . ‡a(OCoLC)444802274
043 . ‡an-us-mn
08204. ‡a796.332/6309776579 ‡222
1001 . ‡aBruton, James H., ‡d1945- ‡1https://id.oclc.org/worldcat/entity/E39PCjwpwjtDG8w6dyGjhYrkcK ‡0(LARL_NWRL_CONSORTIUM)192868
24510. ‡aGopher glory : ‡bthe pride of the maroon & gold / ‡cJim Bruton.
260 . ‡aStevens Point, WI : ‡bKCI Sports Pub., ‡c©2009.
300 . ‡aix, 188 pages : ‡billustrations ; ‡c24 cm
336 . ‡atext ‡btxt ‡2rdacontent
337 . ‡aunmediated ‡bn ‡2rdamedia
338 . ‡avolume ‡bnc ‡2rdacarrier
61020. ‡aUniversity of Minnesota ‡xFootball ‡xHistory.
61020. ‡aMinnesota Golden Gophers (Football team) ‡xHistory.
650 0. ‡aFootball players ‡zMinnesota ‡vAnecdotes.
650 0. ‡aFootball players ‡zMinnesota ‡vBiography.
650 0. ‡aFootball coaches ‡zMinnesota ‡vAnecdotes.
650 0. ‡aFootball coaches ‡zMinnesota ‡vBiography.
650 7. ‡aFootball ‡2fast ‡0(LARL_NWRL_CONSORTIUM)20560
650 7. ‡aFootball coaches ‡2fast ‡0(LARL_NWRL_CONSORTIUM)39159
650 7. ‡aFootball players ‡2fast ‡0(LARL_NWRL_CONSORTIUM)20568
651 7. ‡aMinnesota ‡2fast ‡0(LARL_NWRL_CONSORTIUM)55629
655 7. ‡aAnecdotes ‡2fast
655 7. ‡aBiographies ‡2fast
655 7. ‡aHistory ‡2fast
655 7. ‡aBiographies. ‡2lcgft
901 . ‡a477218 ‡bAUTOGEN ‡c477218 ‡tbiblio

Additional Resources